000
00302nam a2200121Ia 4500
008
190216s9999||||xx |||||||||||||| ||und||
100
_a
Seema Chopra
245
0
_a
Hindi-Bachom Mem Siksha Ka Mahathwa Yev Jankariyam
260
_b
Leela Prakashan
_c
2008
300
_a
96
650
_a
Hindi
942
_c
BK
999
_c
16561
_d
16561